000 00778nam a2200217Ii 4500
003 JO-AjNU
008 230605s9999||||xx |||||||||||||| ||und||
017 _a1985/11/478
040 _aJO-AjNU
_bara
_erda
_cJO-AjNU
041 _aara
050 1 4 _aKMM97.I86.1992
100 3 _a إسمااعيل، محمد حسين ,
_eauthor
_945746
245 0 0 _aالقانون التجاري الأردني الأعمال التجارية - التاجر - المحل التجاري - العقود التجارية
250 _aط2
264 3 1 _aعمان : دار عمار ، 1992
300 _a352ص
336 _atext
_btxt
_2rdacontent
337 _aunmediated
_bn
_2rdamedia
338 _avolume
_bnc
_2rdacarrier
650 4 _aالقانون التجاري -- الاردن
_945747
999 _aA19852
_c23420
_d23420